<?xml version="1.0" encoding="UTF-8"?>
<record
    xmlns:xsi="http://www.w3.org/2001/XMLSchema-instance"
    xsi:schemaLocation="http://www.loc.gov/MARC21/slim http://www.loc.gov/standards/marcxml/schema/MARC21slim.xsd"
    xmlns="http://www.loc.gov/MARC21/slim">

  <leader>01171nam0a22003011  4500</leader>
  <controlfield tag="001">rc\4107224</controlfield>
  <controlfield tag="005">20250611093447.0</controlfield>
  <datafield tag="021" ind1=" " ind2=" ">
    <subfield code="a">RU</subfield>
    <subfield code="b">[49-25556]</subfield>
  </datafield>
  <datafield tag="035" ind1=" " ind2=" ">
    <subfield code="a">(NLR Aleph) 008142971</subfield>
  </datafield>
  <datafield tag="090" ind1=" " ind2=" ">
    <subfield code="a">9496292</subfield>
    <subfield code="c">9496292</subfield>
  </datafield>
  <datafield tag="100" ind1=" " ind2=" ">
    <subfield code="a">20130415d1949    |||y0rusy50      ca</subfield>
  </datafield>
  <datafield tag="101" ind1="0" ind2=" ">
    <subfield code="a">rus</subfield>
  </datafield>
  <datafield tag="102" ind1=" " ind2=" ">
    <subfield code="a">RU</subfield>
  </datafield>
  <datafield tag="105" ind1=" " ind2=" ">
    <subfield code="a">a   z   |||||</subfield>
  </datafield>
  <datafield tag="200" ind1="1" ind2=" ">
    <subfield code="a">&#x412;&#x44B;&#x441;&#x430;&#x434;&#x43E;&#x447;&#x43D;&#x44B;&#x435; &#x438; &#x43E;&#x431;&#x440;&#x435;&#x437;&#x43D;&#x44B;&#x435; &#x43F;&#x440;&#x435;&#x441;&#x441;&#x44B;-&#x430;&#x432;&#x442;&#x43E;&#x43C;&#x430;&#x442;&#x44B;</subfield>
  </datafield>
  <datafield tag="210" ind1=" " ind2=" ">
    <subfield code="a">&#x41C;&#x43E;&#x441;&#x43A;&#x432;&#x430;</subfield>
    <subfield code="c">&#x418;&#x437;&#x434;-&#x432;&#x43E; &#x438; 1-&#x44F; &#x442;&#x438;&#x43F;. &#x41C;&#x430;&#x448;&#x433;&#x438;&#x437;&#x430; &#x432; &#x41B;.</subfield>
    <subfield code="d">1949</subfield>
  </datafield>
  <datafield tag="215" ind1=" " ind2=" ">
    <subfield code="a">255 &#x441;., 2 &#x43B;. &#x441;&#x445;&#x435;&#x43C;.</subfield>
    <subfield code="c">&#x438;&#x43B;.</subfield>
    <subfield code="d">26</subfield>
  </datafield>
  <datafield tag="300" ind1=" " ind2=" ">
    <subfield code="a">&#x41F;&#x435;&#x440;&#x435;&#x434; &#x437;&#x430;&#x433;&#x43B;. &#x430;&#x432;&#x442;.: &#x413;.&#x410;. &#x41D;&#x430;&#x432;&#x440;&#x43E;&#x446;&#x43A;&#x438;&#x439;, &#x43A;&#x430;&#x43D;&#x434;. &#x442;&#x435;&#x445;&#x43D;. &#x43D;&#x430;&#x443;&#x43A;</subfield>
  </datafield>
  <datafield tag="320" ind1=" " ind2=" ">
    <subfield code="a">&#x411;&#x438;&#x431;&#x43B;&#x438;&#x43E;&#x433;&#x440;.: &#x441;. 250-251</subfield>
  </datafield>
  <datafield tag="606" ind1=" " ind2=" ">
    <subfield code="a">&#x41F;&#x440;&#x435;&#x441;&#x441;&#x44B;-&#x430;&#x432;&#x442;&#x43E;&#x43C;&#x430;&#x442;&#x44B;</subfield>
    <subfield code="x">&#x41A;&#x43E;&#x43D;&#x441;&#x442;&#x440;&#x443;&#x43A;&#x446;&#x438;&#x44F; &#x438; &#x440;&#x430;&#x441;&#x447;&#x435;&#x442;</subfield>
    <subfield code="2">psbo</subfield>
  </datafield>
  <datafield tag="606" ind1=" " ind2=" ">
    <subfield code="a">&#x41F;&#x440;&#x435;&#x441;&#x441;&#x44B; &#x43F;&#x43E;&#x43B;&#x443;&#x430;&#x432;&#x442;&#x43E;&#x43C;&#x430;&#x442;&#x44B;</subfield>
    <subfield code="x">&#x41A;&#x43E;&#x43D;&#x441;&#x442;&#x440;&#x443;&#x43A;&#x446;&#x438;&#x44F; &#x438; &#x440;&#x430;&#x441;&#x447;&#x435;&#x442;</subfield>
    <subfield code="2">psbo</subfield>
  </datafield>
  <datafield tag="700" ind1=" " ind2="1">
    <subfield code="7">ca</subfield>
    <subfield code="8">rus</subfield>
    <subfield code="a">&#x41D;&#x430;&#x432;&#x440;&#x43E;&#x446;&#x43A;&#x438;&#x439;</subfield>
    <subfield code="b">&#x413;. &#x410;.</subfield>
    <subfield code="f">1908-1993</subfield>
    <subfield code="g">&#x413;&#x435;&#x43E;&#x440;&#x433;&#x438;&#x439; &#x410;&#x43B;&#x435;&#x43A;&#x441;&#x430;&#x43D;&#x434;&#x440;&#x43E;&#x432;&#x438;&#x447;</subfield>
    <subfield code="9">265754</subfield>
    <subfield code="3">RU\NLR\AUTH\770265810</subfield>
  </datafield>
  <datafield tag="801" ind1=" " ind2="0">
    <subfield code="a">RU</subfield>
    <subfield code="b">NLR</subfield>
    <subfield code="g">psbo</subfield>
  </datafield>
  <datafield tag="801" ind1=" " ind2="1">
    <subfield code="a">RU</subfield>
    <subfield code="b">ELAR</subfield>
    <subfield code="2">rusmarc</subfield>
  </datafield>
  <datafield tag="852" ind1=" " ind2=" ">
    <subfield code="a">NLR</subfield>
    <subfield code="j">&#x422;36 &#x413;-7/197</subfield>
  </datafield>
  <datafield tag="942" ind1=" " ind2=" ">
    <subfield code="c">BOOK</subfield>
  </datafield>
  <datafield tag="980" ind1=" " ind2=" ">
    <subfield code="a">NB</subfield>
  </datafield>
  <datafield tag="995" ind1=" " ind2=" ">
    <subfield code="5">2013-10-26</subfield>
    <subfield code="b">NLR02</subfield>
    <subfield code="c">NLR02</subfield>
    <subfield code="e">RFS</subfield>
    <subfield code="f">8142971-10</subfield>
    <subfield code="k">&#x422;36 &#x413;-7/197</subfield>
    <subfield code="o">0</subfield>
    <subfield code="r">BOOK</subfield>
    <subfield code="s">36_7197</subfield>
  </datafield>
</record>
